A minőségileg megalapozott munkavégzés hatása a termékselejt csökkentésére a Budaval Zrt.-nél

Bibliográfiai részletek
Szerző: Kis Brigitta
További közreműködők: Tóth Dr. Antal
Dokumentumtípus: Diplomadolgozat
Kulcsszavak:Minőség
Minőségbiztosítás
Minőségirányítás
Budaval Zrt.
Online Access:http://dolgozattar.uni-bge.hu/4267

MARC

LEADER 00000nta a2200000 i 4500
001 dolg4267
005 20160613143009.0
008 151208suuuu hu om 000 hun d
040 |a BGE Dolgozattár Repozitórium  |b hun 
041 |a hu 
100 1 |a Kis Brigitta 
245 1 2 |a A minőségileg megalapozott munkavégzés hatása a termékselejt csökkentésére a Budaval Zrt.-nél  |c Kis Brigitta  |h [elektronikus dokumentum] 
246 1 1 |a A minőségileg megalapozott munkavégzés hatása a termékselejt csökkentésére a Budaval Zrt.-nél 
695 |a Minőség 
695 |a Minőségbiztosítás 
695 |a Minőségirányítás 
695 |a Budaval Zrt. 
700 1 |a Tóth Dr. Antal  |e ths 
856 4 0 |u http://dolgozattar.uni-bge.hu/4267/1/KisBrigitta.pdf  |z Dokumentum-elérés